Music Quiz

Random Music or Rock Quiz

Random Lyrics Quiz Stats

 Plays Quiz not verified by Sporcle

Challenge
Share
Tweet
Embed
Score 0/15 Timer 10:00
0 Plays Today
Frst Part Second Part % Correct
Imma tell you what Wu told me (5)cash rules everything around me
68.4%
I see no changes wake up in the morning and I ask myself (8)is life worth living should I blast myself
28.9%
Honey came in and she caught me red handed (6)Creepin with the girl next door
26.3%
Slim Anus you damn right Slim Anus (12)I don't get **** in mine like you two little flaming faggots
15.8%
It's just one of those days (6)when you don't wanna wake up
15.8%
I've got a shotgun rifle and a 4 wheel drive (6)and a country boy can survive
15.8%
Hey pretty baby with the high heels on (9)You give me fever like I've never, ever known
10.5%
Seems like yesterday we used to rock the show (8)I laced the track you locked the flow
10.5%
Frst Part Second Part % Correct
I like pleasure spiked with pain (5)and music is my aeroplane
10.5%
Rule nombre uno (10)never let no one know how much, dough you hold
7.9%
You should have been gone (6)knowing how I made you feel
5.3%
Are you gonna let it all hang out (10)Fat bottomed girls you make the rockin world go round
2.6%
If I can see it, then I can do it (9)If I just believe it there's nothing to it
2.6%
Out on the street for a living (3)Pictures only begun
0%
She'll make you take your clothes off and go dancing in the rain (13)She'll make you live her crazy life but she'll take away your pain
0%

You're not logged in!

Compare scores with friends on all Sporcle quizzes.
Join for Free
OR
Log In

You Might Also Like...

Show Comments

Extras

Top Quizzes Today


Score Distribution

Your Account Isn't Verified!

In order to create a playlist on Sporcle, you need to verify the email address you used during registration. Go to your Sporcle Settings to finish the process.

Report this User

Report this user for behavior that violates our Community Guidelines.

Details: